Assessing personality traits through response latencies using item response theory /
Сохранить в:
| Главный автор: | |
|---|---|
| Другие авторы: | |
| Формат: | Статья |
| Язык: | English |
| Предметы: | |
| Метки: |
Добавить метку
Нет меток, Требуется 1-ая метка записи!
|
| Thư viện lưu trữ: | Thư viện Trường Đại học Đà Lạt |
|---|
| LEADER | 00862nam a2200277 4500 | ||
|---|---|---|---|
| 001 | DLU110130372 | ||
| 005 | ##20111223 | ||
| 040 | # | # | |a DLU |b eng |
| 041 | # | # | |a eng |
| 044 | # | # | |a us |
| 100 | # | # | |a Ranger, Jochen. |
| 245 | # | # | |a Assessing personality traits through response latencies using item response theory / |c Jochen Ranger, Tuulia M. Ortner. |
| 653 | # | # | |a Response latency |
| 653 | # | # | |a Response probability |
| 653 | # | # | |a Test information |
| 700 | # | # | |a Ortner, Tuulia M. |
| 773 | # | # | |t Educational and Psychological Measurement |g Vol. 71, no. 2 (April 2011), p. 389-406 |
| 920 | # | # | |a Phòng Tạp chí -- Trung tâm Thông tin - Thư viện Trường Đại học Đà Lạt |
| 994 | # | # | |a DLU |
| 900 | # | # | |a True |
| 911 | # | # | |a Trương Bảo Trâm Anh |
| 925 | # | # | |a G |
| 926 | # | # | |a A |
| 927 | # | # | |a BB |
| 980 | # | # | |a Thư viện Trường Đại học Đà Lạt |